| 000 | 00542nam a22001817a 4500 | ||
|---|---|---|---|
| 999 |
_c192804 _d192804 |
||
| 005 | 20221004170239.0 | ||
| 010 | _aENG-135303 | ||
| 020 |
_c499.00 _a9788190647946 |
||
| 035 | _aEN-118835 | ||
| 037 | _bDBAD/PUB | ||
| 082 | _a336.1 | ||
| 100 | _aPandit,Amar | ||
| 245 |
_aFinancial Planning for Doctors/ _cby Amar Pandit |
||
| 260 |
_aNew Delhi _bNetwork18 Publications _c2009 |
||
| 270 |
_a507,Prabhat Kiran,17 Rajendra Place, _bNew Delhi _e110008 |
||
| 300 |
_a337p.: _c21cm(Hb) _billus. |
||
| 942 |
_2ddc _cEN _mPAN _h336.1 |
||